<?xml version="1.0" encoding="UTF-8"?>
<collection xmlns="http://www.loc.gov/MARC21/slim">
 <record>
  <leader>01104nam a2200205Ia 4500</leader>
  <controlfield tag="001">TDMU_7619</controlfield>
  <controlfield tag="008">210410s9999    xx            000 0 und d</controlfield>
  <datafield tag="082" ind1=" " ind2=" ">
   <subfield code="a">570</subfield>
  </datafield>
  <datafield tag="090" ind1=" " ind2=" ">
   <subfield code="b">NG528</subfield>
  </datafield>
  <datafield tag="100" ind1=" " ind2=" ">
   <subfield code="a">NguyêÌƒn, ĐiÌ€nh GiâÌ£u</subfield>
  </datafield>
  <datafield tag="245" ind1=" " ind2="0">
   <subfield code="a">Sinh hoÌ£c đaÌ£i cương: Sinh hoÌ£c thưÌ£c vâÌ£t, Sinh hoÌ£c đôÌ£ng vâÌ£t</subfield>
  </datafield>
  <datafield tag="245" ind1=" " ind2="0">
   <subfield code="c">PGS. TS. NguyêÌƒn ĐiÌ€nh GiâÌ£u</subfield>
  </datafield>
  <datafield tag="260" ind1=" " ind2=" ">
   <subfield code="a">Tp. HCM</subfield>
  </datafield>
  <datafield tag="260" ind1=" " ind2=" ">
   <subfield code="b">ĐaÌ£i hoÌ£c QuôÌc gia Tp. HCM</subfield>
  </datafield>
  <datafield tag="260" ind1=" " ind2=" ">
   <subfield code="c">2000</subfield>
  </datafield>
  <datafield tag="300" ind1=" " ind2=" ">
   <subfield code="a">266tr.</subfield>
  </datafield>
  <datafield tag="520" ind1=" " ind2=" ">
   <subfield code="a">TriÌ€nh baÌ€y nhưÌƒng điêÌ‰m cơ baÌ‰n nhâÌt vêÌ€ sinh trươÌ‰ng, phaÌt triêÌ‰n cuÌ‰a thưÌ£c vâÌ£t, đôÌ£ng vâÌ£t trong đoÌ coÌ con ngươÌ€i</subfield>
  </datafield>
  <datafield tag="650" ind1=" " ind2=" ">
   <subfield code="a">Sinh hoÌ£c đaÌ£i cương; Sinh hoÌ£c; Sinh hoÌ£c đaÌ£i cương; ĐaÌ£i cương; ThưÌ£c vâÌ£t;  ĐôÌ£ng vâÌ£t</subfield>
  </datafield>
  <datafield tag="856" ind1=" " ind2=" ">
   <subfield code="u">http://lrc.tdmu.edu.vn/opac/search/detail.asp?aID=2&amp;ID=7619</subfield>
  </datafield>
  <datafield tag="980" ind1=" " ind2=" ">
   <subfield code="a">Trung tâm Học liệu Trường Đại học Thủ Dầu Một</subfield>
  </datafield>
 </record>
</collection>
